书目信息 |
| 题名: |
克服恐慌
|
|
| 作者: | 希洛夫 , 马尼克瓦萨加 著 | |
| 分册: | ||
| 出版信息: | 北京 中国轻工业出版社 2000.01 |
|
| 页数: | 172页 | |
| 开本: | 32开 | |
| 丛书名: | ||
| 单 册: | ||
| 中图分类: | R749.99 | |
| 科图分类: | ||
| 主题词: | 精神病学 | |
| 电子资源: | ||
| ISBN: | 7-5019-1890-2 | |
| 000 | 00620nam0 2200205 45 | |
| 001 | 0009292058 | |
| 005 | 20001215095322.9 | |
| 010 | @a7-5019-1890-2@d12.00元 | |
| 100 | @a20000929d2000 km y0chiy0120 ea | |
| 101 | 0 | @achi |
| 105 | @a z 000yy | |
| 200 | 1 | @a克服恐慌@AKe Fu Kong Huang@f(英)希洛夫,(英)马尼克瓦萨加著@F(Ying)Xi Luo Fu,(Ying)Ma Ni Ke WaSa Jia Zhu |
| 210 | @a北京@c中国轻工业出版社@d2000.01 | |
| 215 | @a172页@d32开 | |
| 606 | 0 | @a精神病学 |
| 690 | @aR749.99@v3 | |
| 701 | 0 | @a希洛夫@4著 |
| 701 | 0 | @a马尼克瓦萨加@4著 |
| 801 | @aCN@bPftUser@c20000929 | |
| 905 | @dR749.99@eX245@b313736-738@f3 | |
| 克服恐慌/(英)希洛夫,(英)马尼克瓦萨加著.-北京:中国轻工业出版社,2000.01 |
| 172页;32开 |
| ISBN 7-5019-1890-2:12.00元 |
| ● |
| 相关链接 |
|
|
|
正题名:克服恐慌
索取号:R749.99/X245
 
预约/预借
| 序号 | 登录号 | 条形码 | 馆藏地/架位号 | 状态 | 备注 |
| 1 | 313736 | 203137364 | 自科库401/401自科库 21排4列1层/ [索取号:R749.99/X245] | 在馆 | |
| 2 | 313737 | 203137373 | 自科库401/401自科库 21排4列1层/ [索取号:R749.99/X245] | 在馆 | |
| 3 | 313738 | 203137382 | 自科库401/401自科库 21排3列2层/ [索取号:R749.99/X245] | 在馆 |